000 00720nam a22002057a 4500
005 20251108171759.0
008 250721s1996 xx 000 0 ara d
082 1 4 _a338.18565/مشر
100 1 _aالقاضي، عبد الفتاح
245 1 0 _aالمشروعات البحثية المدعومة :
_bدراسة إقتصاديات الزرعة المحمية .......... /
264 1 _aعمان :
_bالمجلس الإعلى للعلوم و التكنولوجيا،
_c1996.
300 _a173ص
650 1 7 _aالإقتصاد
650 1 7 _aالسياسات الزراعية
650 1 7 _aالأردن
650 1 7 _aالزراعة
700 1 _aالسويطي، رسمي
942 _2ddc
_cBK
999 _c62323
_d62323